000 00323nam a2200145 i 4500
001 bg
100 1 _aKAIM, E.
245 0 _aNaprawa samochodów FSO 125p /
_cE. Kaim.
250 _aWyd.7 uakt.
260 _aWarszawa,
_c1985.
040 _cBPK
041 _apol
942 _cKS
008 s pl f |000 0 pol
999 _c2401
_d2401
856 _uhttp://koha.tu.koszalin.pl/cgi-bin/koha/opac-detail.pl?biblionumber=2401
_yKatalog online BPK